Normal view
MARC view
Entry Topical Term
001 - CONTROL NUMBER
- control field: 17183
003 - CONTROL NUMBER IDENTIFIER
- control field: OSt
005 - DATE AND TIME OF LATEST TRANSACTION
- control field: 20120918155531.0
008 - FIXED-LENGTH DATA ELEMENTS
- fixed length control field: 120918|||a|||||| | ||| d
040 ## - CATALOGING SOURCE
- Original cataloging agency: OSt
- Transcribing agency: OSt
600 ## -
- : Islam
- : 20th century.
670 ## - SOURCE DATA FOUND
- Source citation: Work cat.: (OSt)0: Ahmed, Akbar S. 17182, Living Islam :, 1993.
